Cities in Finland accepted by cityquiz.io - Statistics

General Stats
  • This quiz has been taken 8 times
    2 since last reset
  • The average score is 176 of 430
Answer Stats
Population City % Correct
256,760 Espoo
100%
47,261 Hämeenlinna
100%
558,457 Helsinki
100%
6,546 Ii
100%
22,588 Iisalmi
100%
38,148 Järvenpää
100%
85,026 Jyväskylä
100%
54,616 Kotka
100%
89,104 Kuopio
100%
17,400 Kuusamo
100%
98,826 Lahti
100%
59,276 Lappeenranta
100%
13,607 Naantali
100%
128,618 Oulu
100%
76,772 Pori
100%
23,597 Raisio
100%
36,550 Rauma
100%
34,781 Rovaniemi
100%
32,149 Seinäjoki
100%
202,687 Tampere
100%
175,945 Turku
100%
57,014 Vaasa
100%
190,058 Vantaa
100%
13,406 Äänekoski
50%
4,929 Äetsä
50%
6,835 Ähtäri
50%
394 Äkäslompolo
50%
4,915 Alahärmä
50%
10,308 Alajärvi
50%
2,883 Alavieska
50%
9,422 Alavus
50%
1,536 Artjärvi
50%
4,515 Askola
50%
3,693 Aura
50%
3,309 Dragsfjärd
50%
14,377 Ekenäs / Tammisaari
50%
8,751 Elimäki
50%
6,891 Eno
50%
1,714 Enonkoski
50%
2,145 Enontekiö
50%
9,338 Eura
50%
5,656 Eurajoki
50%
2,878 Evijärvi
50%
17,852 Forssa
50%
1,178 Gumböle
50%
7,627 Haapajärvi
50%
7,717 Haapavesi
50%
1,393 Halsua
50%
2,149 Hämeenkoski
50%
9,996 Hämeenkyrö
50%
5,372 Hankasalmi
50%
9,962 Hanko
50%
7,572 Harjavalta
50%
3,676 Hartola
50%
17,298 Haukipudas
50%
2,256 Haukivuori
50%
8,151 Hausjärvi
50%
4,457 Heinävesi
50%
20,849 Heinola
50%
2,517 Hirvensalmi
50%
20,405 Hollola
50%
43,515 Hyvinge / Hyvinkää
50%
7,246 Iitti
50%
7,309 Ikaalinen
50%
11,693 Ilmajoki
50%
6,408 Ilomantsi
50%
29,615 Imatra
50%
7,049 Inari
50%
5,205 Inga
50%
279 Iniö
50%
2,585 Isojoki
50%
5,040 Isokyrö
50%
3,998 Ivalo
50%
1,893 Jaala
50%
8,662 Jalasjärvi
50%
2,241 Jämijärvi
50%
15,261 Jämsä
50%
7,442 Jämsänkoski
50%
15,698 Janakkala
50%
53,388 Joensuu
50%
5,568 Jokioinen
50%
5,536 Joroinen
50%
4,060 Joutsa
50%
6,035 Juuka
50%
2,110 Juupajoki
50%
7,165 Juva
50%
140 Kaaresuvanto
50%
21,684 Kaarina
50%
35,375 Kajaani
50%
8,869 Kalajoki
50%
4,449 Kälviä
50%
3,406 Kalvola
50%
24,291 Kangasala
50%
6,211 Kangasniemi
50%
12,381 Kankaanpää
50%
1,591 Kannonkoski
50%
5,968 Kannus
50%
22,867 Karhula
50%
1,621 Karijoki
50%
8,853 Karis
50%
1,657 Karjalohja
50%
8,811 Karkkila
50%
4,853 Kärkölä
50%
2,966 Kärsämäki
50%
4,718 Karstula
50%
3,383 Karttula
50%
2,889 Karvia
50%
1,514 Kaskinen
50%
14,526 Kauhajoki
50%
7,896 Kauhava
50%
8,688 Kauniainen
50%
4,404 Kaustinen
50%
2,832 Keitele
50%
22,641 Kemi
50%
8,883 Kemijärvi
50%
8,980 Keminmaa
50%
14,293 Kempele
50%
2,665 Kesälahti
50%
10,942 Keuruu
50%
2,723 Kiihtelysvaara
50%
12,069 Kiiminki
50%
2,000 Kilo
50%
114 Kilpisjärvi
50%
3,287 Kimito
50%
32,920 Kirkkonummi
50%
9,777 Kitee
50%
5,713 Kittilä
50%
3,358 Kiukainen
50%
9,730 Kiuruvesi
50%
1,427 Kivijärvi
50%
8,390 Kokemäki
50%
35,586 Kokkola
50%
3,908 Kolari
50%
3,132 Konnevesi
50%
12,411 Kontiolahti
50%
5,050 Korpilahti
50%
878 Korppoo
50%
2,400 Kortesjärvi
50%
31,133 Kouvola
50%
2,901 Köyliö
50%
7,712 Kristinestad
50%
1,979 Kuivaniemi
50%
1,494 Kullaa
50%
4,219 Kuortane
50%
10,628 Kurikka
50%
2,701 Kuru
50%
951 Kustavi
50%
1,817 Kyyjärvi
50%
5,634 Lammi
50%
1,638 Längelmäki
50%
2,937 Lapinjärvi
50%
7,350 Lapinlahti
50%
3,588 Lappajärvi
50%
3,212 Lappi
50%
17,093 Laukaa
50%
2,109 Lavia
50%
1,924 Lehtimäki
50%
1,138 Leivonmäki
50%
3,034 Lemi
50%
18,096 Lempäälä
50%
10,936 Leppävirta
50%
924 Lestijärvi
50%
600 Levi
50%
15,258 Lieto
50%
1,455 Liljendal
50%
7,058 Liminka
50%
11,386 Liperi
50%
35,960 Lohja
50%
7,768 Loppi
50%
15,466 Lovisa / Loviisa
50%
905 Luhanka
50%
1,871 Lumijoki
50%
5,305 Luumäki
50%
3,260 Luvia
50%
18,074 Mäntsälä
50%
6,459 Mänttä
50%
6,871 Mäntyharju
50%
1,141 Mellilä
50%
1,326 Merijärvi
50%
3,547 Merikarvia
50%
2,506 Miehikkälä
50%
46,550 Mikkeli
50%
8,232 Muhos
50%
1,991 Multia
50%
2,412 Muonio
50%
8,826 Muurame
50%
6,271 Mynämäki
50%
2,043 Myrskylä
50%
1,410 Nagu
50%
5,792 Nakkila
50%
14,911 Nastola
50%
6,474 Nilsiä
50%
28,676 Nokia
50%
6,076 Noormarkku
50%
8,804 Nurmes
50%
37,073 Nurmijärvi
50%
11,908 Nurmo
50%
14,603 Orimattila
50%
1,351 Oripää
50%
8,846 Orivesi
50%
8,300 Oulainen
50%
9,556 Oulunsalo
50%
7,738 Outokumpu
50%
3,473 Padasjoki
50%
10,126 Paimio
50%
4,262 Pälkäne
50%
3,844 Paltamo
50%
4,274 Parikkala
50%
1,221 Pelkosenniemi
50%
4,542 Pello
50%
2,974 Perho
50%
3,938 Pernå
50%
5,809 Perniö
50%
2,089 Pertunmaa
50%
3,610 Petäjävesi
50%
12,167 Pieksämäki
50%
5,521 Pielavesi
50%
4,777 Pihtipudas
50%
1,450 Piippola
50%
15,615 Pirkkala
50%
5,257 Pohja
50%
2,499 Pomarkku
50%
47,192 Porvoo
50%
4,252 Posio
50%
9,459 Pudasjärvi
50%
1,985 Pukkila
50%
1,661 Pulkkila
50%
3,304 Puolanka
50%
3,615 Pyhäjoki
50%
1,779 Pyhäntä
50%
2,355 Pyhäranta
50%
981 Pylkönmäki
50%
22,217 Raahe
50%
2,855 Rääkkylä
50%
4,443 Rantasalmi
50%
2,048 Rantsila
50%
4,833 Ranua
50%
3,665 Rautalampi
50%
2,066 Rautavaara
50%
4,316 Rautjärvi
50%
3,052 Reisjärvi
50%
2,376 Renko
50%
2,100 Replot
50%
26,451 Riihimäki
50%
5,171 Ristiina
50%
1,621 Ristijärvi
50%
1,500 Ristinummi
50%
5,780 Ruokolahti
50%
5,314 Ruovesi
50%
3,702 Rusko
50%
1,326 Saari
50%
10,011 Saarijärvi
50%
4,870 Säkylä
50%
4,401 Salla
50%
24,900 Salo
50%
1,171 Sammatti
50%
4,195 Savitaipale
50%
27,353 Savonlinna
50%
1,255 Savonranta
50%
1,357 Savukoski
50%
19,430 Sibbo / Sipoo
50%
1,293 Siikajoki
50%
20,206 Siilinjärvi
50%
3,582 Simo
50%
5,229 Siuntio
50%
8,942 Sodankylä
50%
2,665 Soini
50%
9,840 Somero
50%
4,819 Sonkajärvi
50%
10,368 Sotkamo
50%
3,212 Sulkava
50%
1,251 Sumiainen
50%
1,274 Suodenniemi
50%
5,399 Suolahti
50%
841 Suomenniemi
50%
7,568 Suonenjoki
50%
4,570 Sysmä
50%
4,778 Taipalsaari
50%
4,678 Taivalkoski
50%
1,702 Taivassalo
50%
6,519 Tammela
50%
1,500 Teeriniemi
50%
1,847 Tervo
50%
3,538 Tervola
50%
6,092 Teuva
50%
4,911 Tohmajärvi
50%
3,481 Toholampi
50%
2,349 Toivakka
50%
21,236 Tornio
50%
1,466 Tuulos
50%
34,725 Tuusula
50%
5,636 Tyrnävä
50%
1,048 Ullava
50%
3,243 Utajärvi
50%
1,401 Utsjoki
50%
3,104 Uurainen
50%
16,226 Uusikaupunki
50%
3,652 Vaala
50%
4,638 Vähäkyrö
50%
20,376 Valkeakoski
50%
2,729 Valtimo
50%
14,982 Vammala
50%
22,365 Varkaus
50%
3,007 Varpaisjärvi
50%
15,498 Väståboland / Pargas / Parainen
50%
783 Västanfjärd
50%
2,435 Vehmaa
50%
1,889 Vehmersalmi
50%
217 Velkua
50%
2,537 Vesanto
50%
3,949 Vesilahti
50%
3,523 Veteli
50%
7,511 Viitasaari
50%
5,422 Vilppula
50%
3,418 Vimpeli
50%
1,328 Virojoki
50%
1,123 Virtasalmi
50%
6,183 Vuokatti
50%
2,557 Vuolijoki
50%
2,836 Ylihärmä
50%
2,235 Yli-Ii
50%
3,386 Ylikiiminki
50%
5,580 Ylistaro
50%
5,104 Ylitornio
50%
13,159 Ylivieska
50%
200 Ylläsjärvi
50%
22,140 Ylöjärvi
50%
2,659 Ypäjä
50%
8,258 Akaa
0%
8,540 Asikkala
0%
1,004 Askainen
0%
1,300 Auttoinen
0%
955 Hailuoto
0%
9,344 Halikko
0%
21,712 Hamina
0%
3,755 Hauho
0%
3,136 Himanka
0%
626 Houtskär
0%
8,952 Huittinen
0%
2,559 Humppila
0%
3,087 Hyrynsalmi
0%
19,238 Jakobstad / Pietarsaari
0%
1,501 Jäppilä
0%
10,603 Joutseno
0%
5,514 Juankoski
0%
4,450 Jurva
0%
3,538 Kaavi
0%
1,596 Kangaslampi
0%
2,497 Karinainen
0%
728 Katariina
0%
4,300 Kellokoski
0%
31,347 Kerava
0%
5,841 Kerimäki
0%
1,576 Kestilä
0%
2,305 Kihniö
0%
1,771 Kiikala
0%
1,248 Kiikoinen
0%
1,883 Kinnula
0%
1,958 Kisko
0%
515 Kodisjoki
0%
17,176 Korsholm
0%
2,194 Korsnäs
0%
6,813 Kronoby
0%
1,143 Kuhmalahti
0%
10,214 Kuhmo
0%
2,824 Kuhmoinen
0%
2,647 Kylmäkoski
0%
7,782 Laihia
0%
8,403 Laitila
0%
14,091 Lapua
0%
4,331 Larsmo
0%
1,738 Lemu
0%
13,703 Lieksa
0%
3,043 Lohtaja
0%
2,381 Luopioinen
0%
3,638 Maaninka
0%
5,517 Malax
0%
2,125 Marttila
0%
5,974 Masku
0%
1,538 Merimasku
0%
1,785 Mietoinen
0%
2,961 Mouhijärvi
0%
1,486 Muurla
0%
10,610 Nivala
0%
4,461 Nousiainen
0%
1,199 Nuijamaa
0%
7,338 Nykarleby
0%
2,141 Oravais
0%
7,213 Parkano
0%
10,436 Pedersöre
0%
3,740 Pertteli
0%
6,553 Piikkiö
0%
4,937 Polvijärvi
0%
4,813 Pornainen
0%
3,650 Pöytyä
0%
3,984 Punkaharju
0%
3,492 Punkalaidun
0%
2,693 Puumala
0%
6,138 Pyhäjärvi
0%
7,210 Pyhäselkä
0%
4,964 Pyhtää
0%
2,836 Ruotsinpyhtää
0%
4,386 Ruukki
0%
1,987 Rymättylä
0%
2,141 Sahalahti
0%
2,941 Sauvo
0%
3,322 Säynätsalo
0%
5,281 Sievi
0%
1,917 Siikainen
0%
1,310 Suomusjärvi
0%
9,974 Suomussalmi
0%
1,961 Tarvasjoki
0%
4,753 Tervakoski
0%
3,144 Töysä
0%
2,059 Tuupovaara
0%
2,833 Tuusniemi
0%
12,314 Ulvila
0%
5,542 Urjala
0%
543 Uukuniemi
0%
1,916 Vahto
0%
1,743 Vampula
0%
4,100 Vieremä
0%
3,270 Vihanti
0%
26,280 Vihti
0%
5,472 Viiala
0%
2,125 Viljakkala
0%
7,707 Virrat
0%
3,416 Vörå
0%
1,415 Ylämaa
0%
2,148 Yläne
0%
No matching quizzes found
Score Distribution
Percent of People with Each Score
Percentile by Number Answered
Your Score History
You have not taken this quiz since the last reset